000 00497nam a2200193 i 4500
001 64673
003 ES-MaACL
005 20230906165202.0
007 t|
008 040102s1965 sp ||||1| spa d
245 0 0 _aFormación social hoy.
250 _a1ª ed.
260 _aMadrid :
_bE.P.E.S.A.,
_c1965.
300 _a68 p. ;
_c22 cm.
490 1 _aFormación social ;
_v3
830 0 _aFormación social ;
_v3
_9230727
852 _aES-MaACL
_jC-29775
_bR.58070
999 _c64673
_d64673